000 00307nam a2200109 4500
999 _c10496
_d10496
008 180903b ||||| |||| 00| 0 eng d
245 _aMarawi evacuess to get complete hygiene kits.
260 _aPhilippines
_bThe Philippine Star
_cc2017
300 _apage 6.
650 0 _930813
_aHygiene.
942 _2ddc
_cPER